[Event "Tilburg"]
[Site "Tilburg"]
[Date "1980.??.??"]
[Round "?"]
[White "Tal, Mihail"]
[Black "Andersson, Ulf"]
[Result "1/2-1/2"]
[WhiteElo "2705"]
[BlackElo "2590"]

1.d4 Nf6 2.c4 e6 3.Nc3 Bb4 4.e3 c5 5.Ne2 cxd4 6.exd4 O-O 7.a3 Be7 8.d5 exd5
9.cxd5 Re8 10.d6 Bf8 11.g3 Re6 12.Bg2 Rxd6 13.Qc2 Nc6 14.O-O Re6 15.b4 a6
16.Nf4 Re8 17.Nfd5 Nxd5 18.Nxd5 d6 19.Be3 Rb8 20.Be4 h6 21.Bb6 Qg5 22.f4 Qh5
23.f5 Bd7 24.Rae1 Re5 25.a4 Rbe8 26.b5 axb5 27.axb5 Nb8 28.Bd4 Bxb5 29.Bxe5 Bxf1
30.Bxg7 Bxg7 31.f6 Bb5 32.Ne7+ Kh8 33.fxg7+ Kxg7 34.Qc3+ Qe5 35.Qxe5+ dxe5
36.Nf5+ Kf8 37.Nd6 Bc6 38.Nxe8 Kxe8 39.Bxc6+ Nxc6 40.Rb1 Kf8 41.Rxb7 Nd4
42.g4 Kg7 43.Rb6 f6 44.Kf2 Kg6 45.h4 Nc2 46.Kf3 Nd4+ 47.Ke3 Nc2+ 48.Ke4 Nd4
49.Rb8 Nc6 50.h5+ Kg5 51.Rg8+ Kh4 52.Rg7 Nd4 53.Rg6 Kh3 54.Rxf6 Kxg4 55.Rxh6 Nf3
56.Kd5 Ng5 57.Rh8 Nf7 58.Rh7 Ng5 59.Rh6 Kh4  1/2-1/2

[Event "Tilburg"]
[Site "Tilburg"]
[Date "1980.??.??"]
[Round "?"]
[White "Spassky, Boris V"]
[Black "Huebner, Robert"]
[Result "1/2-1/2"]
[WhiteElo "2615"]
[BlackElo "2600"]

1.e4 c5 2.Nf3 d6 3.g3 Nc6 4.Bg2 g6 5.O-O Bg7 6.c3 e5 7.d3 Nge7 8.a3 O-O 9.b4 h6
10.b5 Na5 11.c4 f5 12.Nc3 f4 13.Rb1 Bg4 14.h3 Bd7 15.Nd5 Nxd5 16.exd5 fxg3
17.fxg3 e4 18.dxe4 Nxc4 19.Qd3 Ne5 20.Nxe5 Rxf1+ 21.Bxf1 Bxe5 22.Bxh6 Qf6
23.h4 c4 24.Qc2 Bxg3 25.Bg5 Qe5 26.Qxc4 Rf8 27.Bg2 Bf2+ 28.Kh1 Qg3 29.Qb3 Qg4
30.Rf1 Bxh4 31.Rxf8+ Kxf8 32.Be3 Bf6 33.Bxa7 Qh4+ 34.Kg1 Qe1+ 35.Bf1 Qxe4
36.a4 Bd4+ 37.Bxd4 Qxd4+ 38.Kg2 Bf5 39.Be2 Qd2 40.Kf2 Qd4+ 41.Kf1 b6 42.Qa3 Qxd5
43.a5 bxa5 44.Qxa5 Qh1+ 45.Kf2 Qh4+ 46.Ke3 Qg5+ 47.Kf2 Qf4+ 48.Ke1 Qc1+ 49.Kf2 Qc5+
50.Ke1 Ke7 51.Qa8 Kd7 52.Qb7+ Qc7 53.Qa6 Qc1+ 54.Kf2 Qc5+ 55.Ke1 Kc7 56.Qa5+ Qb6
57.Qc3+ Kb8 58.Qh8+ Bc8 59.Qf6 Qg1+ 60.Kd2 Qg3 61.b6  1/2-1/2

[Event "Tilburg"]
[Site "Tilburg"]
[Date "1980.??.??"]
[Round "?"]
[White "Hort, Vlastimil"]
[Black "Ribli, Zoltan"]
[Result "1/2-1/2"]
[WhiteElo "2595"]
[BlackElo "2610"]

1.d4 Nf6 2.c4 e6 3.Nc3 Bb4 4.e3 O-O 5.Bd3 d5 6.Ne2 c5 7.a3 cxd4 8.exd4 Bxc3+
9.bxc3 dxc4 10.Bxc4 b6 11.O-O Bb7 12.a4 Nbd7 13.Ba3 Re8 14.Rc1 Rc8 15.Bd3 Nf8
16.Nf4 e5 17.dxe5 Rxe5 18.Bd6 Re8 19.Bb5 Bc6 20.f3 Qd7 21.Qd3 Bxb5 22.axb5 Rcd8
23.Rfd1 Qc8 24.Qf1 Ng6 25.Nxg6 hxg6 26.Rd4 g5 27.Qd3 g4 28.Rd1 gxf3 29.Qxf3 Qe6
30.Be5 Rxd4  1/2-1/2